00916nam a22002537a 450000500170000001000110001702000220002803500110005003700160006104000120007708200130008910000290010224500950013126000470022627000180027330000250029165000610031665000500037770000300042770000310045794200220048899900190051095201330052920170124110238.0 a744767 c00.00a0801955696 a744767 bCen Lib/Ret aDPLbEN a921bWIL aWiley, Jos.Harold993560 aFrom nowhere to somewhere /cby Jos.Harold Wiley,Kenneth Jeffries [and] Charles T.Brooker  aPhiladelphia bChilton Book Company c1970 bPhiladelphia  aviii,132p.c20cm(Hb) aAfrican Americans -- Social conditions -- To 1964993561 aAfrican Americans -- Social conditions993562 aJeffries, Kenneth 993563 aBrooker, Charles T.993564 2ddccENh921mWIL c135032d135032 00104070aLbLd2015-09-29eCen Lib/Retg0.00l2m1o921 WILp744767r2024-06-27 00:00:00s2024-05-22t1v0.00w2015-09-29yEN